[Event "Défi"]
[Site "www.echecsemail.com"]
[Date "2026.01.29"]
[Round "1"]
[White "Arno"]
[Black "Xercott"]
[WhiteElo "1770"]
[BlackElo "1800"]
[Result "0-1"]
1.d4 g6
2.Bc1f4 d6
3.Qd1d2 Bf8g7
4.h3 Nb8c6
5.Ng1f3 Bc8f5
6.Nb1c3 Ng8f6
7.O-O-O Qd8d7
8.g4 Bf5e4
9.g5 Be4xf3
10.exf3 Nf6h5
11.Bf1b5 a6
12.Bb5a4 Nh5xf4
13.Qd2xf4 e5
14.dxe5 b5
15.Ba4b3 Bg7xe5
16.Qf4e3 O-O
17.Bb3d5 Ra8e8
18.Nc3e4 Nc6e7
19.h4 Ne7xd5
20.Rd1xd5 Qd7f5
21.Qe3a3 Qf5f4
22.Kb1 c6
23.Rd5d1 Re8a8
24.Ne4xd6 b4
25.Qa3d3 Rf8d8
26.Qd3e4 Rd8xd6
27.Rd1xd6 Qf4xe4
28.fxe4 Be5xd6
29.Rh1d1 Bd6f8
30.f4 h6
31.Rd1g1 hxg5
32.hxg5 Bf8c5
33.f5 Bc5xg1
{ abandon }0-1

[Event "Coupe Niveau 2"]
[Site "www.echecsemail.com"]
[Date "2026.01.29"]
[Round "1"]
[White "4x4"]
[Black "Patau"]
[WhiteElo "1480"]
[BlackElo "1710"]
[Result "0-1"]
1.e4 e5
2.d3 Ng8f6
3.Nb1c3 d5
4.Bc1g5 dxe4
5.Nc3xe4 Bf8e7
6.Ne4xf6 Be7xf6
7.Bg5xf6 Qd8xf6
8.Ng1f3 Nb8c6
9.Qd1d2 O-O
10.O-O-O Bc8g4
11.Bf1e2 Rf8e8
12.h3 Bg4h5
13.g4 Bh5g6
14.Kb1 Nc6d4
15.Nf3xd4 exd4
16.f4 h6
17.Be2f3 Re8e3
18.h4 Re3xf3
19.f5 Bg6xf5
20.gxf5 Qf6xf5
21.Qd2b4 Qf5d5
22.Qb4c4 Qd5xc4
23.dxc4 c5
24.b3 Ra8e8
25.Rh1e1 Rf3e3
26.Re1xe3 Re8xe3
27.Kc1 Re3h3
28.Kd2 Rh3xh4
29.Kc1 Rh4e4
30.Kb2 f5
31.Ka3 f4
32.Ka4 f3
33.Kb5 b6
34.Ka6 Re4e7
35.a4 f2
36.Rd1f1 Re7f7
37.a5 bxa5
38.Kxa5 g5
39.Kb5 Rf7f5
40.b4 cxb4
41.Kxb4 g4
42.c5 g3
43.c6 Rf5f7
44.Kc5 g2
45.Rf1d1 f1Q
46.Rd1xf1 gxf1Q
47.Kxd4 Qf1d1
48.Kc3 Rf7c7
49.Kb3 Rc7xc6
50.Kb2 Qd1xc2
51.Ka3 Qc2b1
52.Ka4 Rc6a6
0-1

[Event "OAHU 2"]
[Site "www.echecsemail.com"]
[Date "2026.01.29"]
[Round "1"]
[White "Casisimed"]
[Black "Brettsinclair"]
[WhiteElo "1650"]
[BlackElo "1910"]
[Result "0-1"]
1.e4 Ng8f6
2.d3 c5
3.Bc1g5 d5
4.e5 Nf6d7
5.d4 a6
6.c3 h6
7.Bg5h4 c4
8.Bf1e2 b5
9.Ng1f3 g5
10.Bh4g3 Nb8c6
11.Nb1d2 e6
12.O-O f5
13.b3 f4
14.Nf3xg5 Qd8xg5
15.Nd2f3 Qg5f5
16.Nf3h4 Qf5g5
17.Be2h5 Kd8
18.Bg3xf4 Qg5xh4
19.Bf4g3 Qh4e7
20.bxc4 bxc4
21.Qd1g4 Kc7
22.Bg3h4 Qe7a3
23.Qg4xe6 Nd7b6
24.Qe6f7 Kb8
25.e6 Ra8a7
26.Qf7e8 Nc6e7
27.Bh4xe7 Ra7xe7
28.Qe8c6 Ka7
29.Rf1b1 Re7b7
30.Rb1xb6 Rb7xb6
31.Qc6xc8 Qa3xc3
32.Qc8c7 Rb6b7
33.h3 Rb7xc7
34.Kf1 Qc3xa1
{ abandon }0-1

[Event "Tournoi n27408"]
[Site "www.echecsemail.com"]
[Date "2026.01.29"]
[Round "1"]
[White "Blackrider"]
[Black "Wenoketo"]
[WhiteElo "1740"]
[BlackElo "1720"]
[Result "0-1"]
1.e4 c6
2.g3 e6
3.Bf1g2 d5
4.e5 Nb8d7
5.d4 c5
6.c3 cxd4
7.cxd4 Bf8b4
8.Nb1c3 b6
9.Ng1e2 Bc8a6
10.O-O Bb4xc3
11.bxc3 Ng8e7
12.Rf1e1 Ra8c8
13.Bc1b2 O-O
14.Ne2f4 h6
15.h4 Ne7c6
16.Qd1h5 Qd8c7
17.Bg2f1 Ba6xf1
18.Re1xf1 Nc6e7
19.Kg2 Qc7c6
20.f3 Ne7f5
21.Kf2 Nf5xd4
22.cxd4 Qc6c2
23.Nf4e2 Qc2xb2
24.Rf1b1 Qb2a3
25.f4 Rc8c2
26.Qh5f3 Qa3xf3
27.Kxf3 Rf8c8
28.Rb1c1 Rc2xc1
29.Ne2xc1 Rc8c3
30.Kg4 b5
31.Nc1b3 Nd7b6
32.Ra1d1 Nb6c4
33.Kh3 a5
34.Nb3c5 Rc3c2
35.a4 b4
36.h5 Nc4e3
37.Rd1b1 Rc2c3
38.Nc5b7 Ne3f5
39.Rb1g1 Nf5xd4
40.Nb7xa5 b3
41.Rg1b1 Kf8
42.Kg4 Ke7
43.Kh4 Kd7
44.Kh3 Kc7
45.Kg4 Kb6
46.Na5xb3 Rc3xb3
47.Rb1xb3 Nd4xb3
48.Kf3 Ka5
49.Ke3 Kxa4
50.Kd3 Kb4
51.Kc2 Kc4
{ abandon }0-1

[Event "Tournoi n27412"]
[Site "www.echecsemail.com"]
[Date "2026.01.29"]
[Round "1"]
[White "Ragg"]
[Black "Tiounet"]
[WhiteElo "1540"]
[BlackElo "1570"]
[Result "1-0"]
1.d4 b5
2.e4 Bc8b7
3.c4 bxc4
4.Qd1f3 Ng8f6
5.Nb1c3 Nb8c6
6.Bf1xc4 e6
7.Ng1e2 g6
8.Bc1g5 Bf8e7
9.Ne2f4 O-O
10.d5 exd5
11.exd5 Nc6e5
12.Qf3e2 Ne5xc4
13.Qe2xc4 d6
14.O-O Nf6xd5
15.Nf4xd5 Be7xg5
16.f4 Bg5h6
17.Ra1e1 Qd8h4
18.g3 Qh4h3
19.Re1e4 c6
20.Nd5f6 Kh8
21.Re4e7 c5
22.Re7xb7 Bh6g7
23.Nf6d7 Qh3g4
24.Nd7xf8 Bg7xf8
25.Qc4xf7 Qg4h5
26.Nc3e4 { abandon }1-0

[Event "Coupe Niveau 2"]
[Site "www.echecsemail.com"]
[Date "2026.01.29"]
[Round "1"]
[White "Patau"]
[Black "Woluwe1975"]
[WhiteElo "1730"]
[BlackElo "1650"]
[Result "1-0"]
1.e4 e6
2.d4 c5
3.Ng1f3 d5
4.exd5 exd5
5.Bf1b5 Bc8d7
6.Qd1e2 Qd8e7
7.Bb5xd7 Nb8xd7
8.Qe2xe7 Bf8xe7
9.O-O f6
10.Bc1f4 Kf7
11.Nb1c3 Nd7b6
12.dxc5 Be7xc5
13.Rf1e1 Ng8e7
14.Re1e2 a6
15.Ra1e1 Nb6c4
16.Bf4c1 Ra8e8
17.b3 Nc4b6
18.Bc1b2 d4
19.Nc3e4 Bc5b4
20.c3 Bb4c5
21.Ne4xc5 d3
22.Re2e6 Ne7c6
23.Re6xe8 Rh8xe8
24.Re1xe8 Kxe8
25.Nc5xb7 Kf7
26.Kf1 Nc6e5
27.c4 Ne5xf3
28.gxf3 Nb6d7
29.Ke1 g5
30.Kd2 Nd7e5
31.Bb2xe5 fxe5
32.Kxd3 h5
33.Ke4 Ke6
34.Nb7c5 Kd6
35.Nc5xa6 { abandon }1-0

[Event "WATERLOO"]
[Site "www.echecsemail.com"]
[Date "2026.01.29"]
[Round "1"]
[White "Mindthegap"]
[Black "Carpediem50"]
[WhiteElo "1450"]
[BlackElo "1430"]
[Result "0-1"]
1.e4 e5
2.Ng1f3 Ng8f6
3.Nf3xe5 d6
4.Ne5f3 Nf6xe4
5.d4 d5
6.Bf1d3 Bf8e7
7.O-O O-O
8.Nf3e5 Bc8e6
9.Bd3xe4 dxe4
10.Nb1c3 Nb8c6
11.Rf1e1 Be6f5
12.Ne5xc6 bxc6
13.g4 Bf5g6
14.Nc3xe4 Be7h4
15.Bc1g5 Bh4xg5
16.Ne4xg5 Qd8xg5
17.Re1e5 Qg5h6
18.c3 f6
19.Qd1b3 Bg6f7
{ abandon }0-1

[Event "Tournoi n27343"]
[Site "www.echecsemail.com"]
[Date "2026.01.29"]
[Round "1"]
[White "Malaouat"]
[Black "Patau"]
[WhiteElo "1410"]
[BlackElo "1670"]
[Result "0-1"]
1.e4 e5
2.Ng1f3 Nb8c6
3.Bf1b5 a6
4.Bb5xc6 dxc6
5.a3 Bc8g4
6.O-O Ng8f6
7.Nb1c3 Bf8c5
8.h3 Bg4h5
9.d3 O-O
10.Nc3a4 Bc5d4
11.Nf3xd4 Bh5xd1
12.Rf1xd1 Qd8xd4
{ abandon }0-1

[Event "Défi"]
[Site "www.echecsemail.com"]
[Date "2026.01.29"]
[Round "1"]
[White "Arno"]
[Black "Alain34"]
[WhiteElo "1780"]
[BlackElo "2070"]
[Result "0-1"]
1.d4 Ng8f6
2.Bc1f4 c5
3.e3 d5
4.c3 e6
5.Bf1d3 c4
6.Bd3c2 Bf8d6
7.Bf4g3 O-O
8.Ng1f3 b5
9.Nb1d2 Nb8c6
10.Nf3e5 Bc8b7
11.O-O Qd8c7
12.f4 a5
13.Bg3h4 Nf6d7
14.Qd1h5 g6
15.Ne5xg6 fxg6
16.Bc2xg6 Nd7f6
17.Bh4xf6 Rf8xf6
18.Bg6c2 Qc7g7
19.Rf1f3 Nc6e7
20.Rf3g3 Ne7g6
21.f5 Bd6xg3
22.hxg3 exf5
23.Bc2xf5 Ng6e7
24.Bf5h3 Qg7xg3
25.Nd2f3 Ra8f8
26.Ra1f1 Ne7f5
27.Bh3xf5 Rf6xf5
{ abandon }0-1

[Event "Défi"]
[Site "www.echecsemail.com"]
[Date "2026.01.29"]
[Round "1"]
[White "Arno"]
[Black "Calcedoine"]
[WhiteElo "1770"]
[BlackElo "1820"]
[Result "1-0"]
1.d4 f6
2.Ng1f3 d5
3.Bc1f4 Bc8f5
4.c4 c6
5.Nb1c3 dxc4
6.e4 Bf5e6
7.d5 cxd5
8.exd5 Be6f7
9.Bf1xc4 Nb8d7
10.Bc4b5 a6
11.Bb5a4 e6
12.dxe6 Bf7xe6
13.Nf3d4 Be6c4
14.Qd1g4 Bf8b4
15.Nd4e6 Bb4xc3
16.bxc3 Bc4xe6
17.Qg4xe6 Ng8e7
18.Ra1d1 b5
19.Ba4b3 Rh8f8
20.Bb3d5 Ra8a7
21.Bd5c6 Qd8c8
22.Bf4d6 Rf8f7
23.O-O Qc8xc6
24.Rf1e1 Nd7e5
25.f4 Ne5g6
26.f5 Ng6e5
27.Rd1d5 Qc6xc3
28.Re1d1 Qc3e3
29.Kh1 Ra7d7
30.Bd6xe7 Rd7xd5
31.Qe6xd5 Qe3d3
32.Rd1xd3 { abandon }1-0

[Event "OAHU 2"]
[Site "www.echecsemail.com"]
[Date "2026.01.29"]
[Round "1"]
[White "Brettsinclair"]
[Black "Casisimed"]
[WhiteElo "1910"]
[BlackElo "1650"]
[Result "1-0"]
1.c4 e5
2.Nb1c3 Ng8f6
3.g3 Bf8b4
4.Ng1f3 O-O
5.Nf3xe5 Rf8e8
6.Ne5f3 d6
7.a3 Bb4xc3
8.dxc3 Bc8g4
9.Bf1g2 Nb8c6
10.O-O Nc6a5
11.b3 Nf6e4
12.Bc1b2 c5
13.h3 Bg4f5
14.Nf3h4 Bf5g6
15.Nh4xg6 fxg6
16.Qd1d5 Kf8
17.Bg2xe4 Na5xb3
18.Ra1d1 b6
19.f4 Qd8e7
20.Be4f3 Qe7e3
21.Kh2 Ra8d8
22.Rd1d3 Qe3e7
23.f5 gxf5
24.Qd5xf5 Kg8
25.Rf1e1 Nb3d4
26.cxd4 cxd4
27.Rd3xd4 Qe7e3
28.Bf3e4 Qe3h6
29.Be4d5 Kh8
30.Rd4h4 Re8e5
31.Bb2xe5 Qh6xh4
32.gxh4 dxe5
33.Qf5xe5 Rd8f8
34.Kg2 { abandon }1-0

[Event "Défi( 10J+24H/c 10J Max )"]
[Site "www.echecsemail.com"]
[Date "2026.01.29"]
[Round "1"]
[White "Patau"]
[Black "Solnic"]
[WhiteElo "1700"]
[BlackElo "1290"]
[Result "1-0"]
1.e4 e5
2.Ng1f3 d6
3.d4 Nb8c6
4.dxe5 Nc6xe5
5.Nf3xe5 dxe5
6.Qd1xd8 Kxd8
7.Bf1c4 Bc8e6
8.Bc4xe6 fxe6
9.Bc1g5 Ng8f6
10.O-O h6
11.Rf1d1 Bf8d6
12.Bg5xf6 Ke8
13.Bf6xg7 Rh8g8
14.Bg7xh6 Rg8g6
15.Bh6e3 c6
16.Rd1xd6 Ke7
17.Be3c5 Ra8g8
18.Rd6d3 Ke8
19.Rd3g3 Kf7
20.Nb1d2 b6
21.Rg3xg6 Kxg6
22.Bc5e3 c5
23.Ra1d1 a5
24.Nd2f3 Kh5
25.Rd1d6 { abandon }1-0

[Event "Défi( 10J+24H/c 10J Max )"]
[Site "www.echecsemail.com"]
[Date "2026.01.29"]
[Round "1"]
[White "Titit1"]
[Black "Geantvert"]
[WhiteElo "1460"]
[BlackElo "1850"]
[Result "0-1"]
1.g3 e5
2.Bf1g2 c6
3.b3 d5
4.Bc1b2 Bf8d6
5.d4 exd4
6.Bb2xd4 f6
7.Nb1d2 Ng8h6
8.e3 O-O
9.Ng1e2 Nh6f5
10.e4 Nf5xd4
11.Ne2xd4 dxe4
12.Bg2xe4 Rf8e8
13.Qd1h5 f5
14.Nd4xf5 g6
15.Nf5h6 Kg7
16.Qh5f3 Kxh6
17.Qf3e3 Kg7
18.O-O Bc8f5
19.f3 b6
20.Qe3c3 Bd6e5
21.Qc3c4 Bf5xe4
22.Nd2xe4 Be5xa1
23.Rf1xa1 c5
24.Qc4c3 Qd8d4
25.Qc3xd4 cxd4
26.Ra1d1 Nb8c6
27.Ne4d6 Re8e6
28.Nd6e4 Ra8d8
29.Ne4g5 Re6e5
30.f4 Re5e7
31.Ng5f3 Re7d7
32.Rd1e1 Nc6b4
33.Re1c1 Nb4xa2
34.Rc1e1 Na2b4
35.Re1e4 Nb4xc2
36.Nf3g5 Rd8c8
37.Ng5e6 Kf6
38.Ne6g5 d3
39.Ng5f3 d2
40.Nf3xd2 Rd7xd2
41.Kf1 Nc2d4
42.Ke1 Nd4f3
43.Kf1 Rc8c1
44.Re4e1 Rc1xe1
0-1

[Event "Schlacht"]
[Site "www.echecsemail.com"]
[Date "2026.01.29"]
[Round "1"]
[White "Titit1"]
[Black "Luc20"]
[WhiteElo "1450"]
[BlackElo "1820"]
[Result "0-1"]
1.d4 d5
2.Bc1f4 Ng8f6
3.Ng1f3 Nb8d7
4.Nb1c3 Nd7b6
5.Nc3b5 c6
6.Nb5c7 Kd7
7.Nf3e5 Kxc7
8.Ne5xf7 Kd7
9.Nf7xd8 Kxd8
10.f3 Bc8f5
11.c3 Nb6c4
12.Ra1b1 Bf5xb1
13.Qd1xb1 e6
14.e3 Bf8d6
15.Bf4g5 h6
16.Bg5h4 Nc4xe3
17.Bf1e2 Ne3xg2
18.Kf2 Ng2xh4
19.Rh1g1 g5
20.h3 Kc7
21.b4 Ra8f8
22.a3 Nf6e4
23.Ke1 Ne4xc3
24.Qb1c2 Nc3xe2
25.Qc2xe2 Nh4xf3
26.Kd1 Nf3xg1
27.Qe2g2 Ng1f3
28.Qg2b2 Rf8f4
29.Qb2b3 Nf3xd4
30.Qb3e3 Rh8e8
31.Qe3d3 Nd4f5
32.Qd3b1 Rf4f1
33.Kc2 Rf1xb1
34.Kxb1 Re8f8
35.Kc2 Nf5d4
36.Kd3 e5
37.h4 Rf8f3
38.Kd2 gxh4
39.Ke1 h3
40.Kd2 h2
41.Ke1 h1Q
42.Kd2 Qh1g2
43.Kc1 Rf3f1
0-1

[Event "Tournoi échelle division 2"]
[Site "www.echecsemail.com"]
[Date "2026.01.29"]
[Round "1"]
[White "Woluwe1975"]
[Black "Patau"]
[WhiteElo "1650"]
[BlackElo "1690"]
[Result "1-0"]
1.b3 e5
2.Bc1b2 Nb8c6
3.a3 d5
4.e3 f5
5.Ng1f3 Bf8d6
6.Bf1b5 Qd8e7
7.d3 a6
8.Bb5xc6 bxc6
9.O-O Ng8f6
10.Nb1d2 O-O
11.Rf1e1 e4
12.Nf3d4 Bc8d7
13.dxe4 dxe4
14.c4 Bd6e5
15.Qd1c2 Ra8d8
16.b4 c5
17.Nd4e2 Be5xb2
18.Qc2xb2 Bd7e6
19.Ne2f4 cxb4
20.axb4 Rd8d6
21.c5 Rd6d7
22.Ra1xa6 Nf6d5
23.Ra6xe6 { abandon }1-0

[Event "pour le plaisir  NOVEMBRE 2025"]
[Site "www.echecsemail.com"]
[Date "2026.01.29"]
[Round "1"]
[White "Janolapin"]
[Black "Patau"]
[WhiteElo "1680"]
[BlackElo "1700"]
[Result "1-0"]
1.e4 e5
2.d4 exd4
3.Qd1xd4 Nb8c6
4.Qd4d1 Ng8f6
5.Bf1d3 d5
6.exd5 Qd8xd5
7.Ng1f3 Bf8c5
8.O-O O-O
9.Nb1c3 Qd5d8
10.Rf1e1 Bc8g4
11.Bd3e2 Qd8xd1
12.Re1xd1 Ra8d8
13.Bc1g5 Bc5e7
14.h3 Bg4f5
15.Be2d3 Bf5xd3
16.cxd3 Nf6d5
17.Bg5xe7 Nc6xe7
18.Ra1c1 Ne7f5
19.Nc3xd5 Rd8xd5
20.Rc1xc7 Nf5d6
21.Rc7c2 Rf8c8
22.Rc2xc8 Nd6xc8
23.Kf1 Nc8d6
24.Ke2 Nd6f5
25.d4 f6
26.Kd3 Rd5b5
27.Rd1d2 Kf7
28.Kc3 Rb5a5
29.a3 Ra5d5
30.Kc4 Nf5e7
31.Rd2e2 Rd5d7
32.b4 Ne7c6
33.Re2d2 a6
34.d5 Nc6e5
35.Nf3xe5 fxe5
36.f3 b6
37.Kb3 Ke7
38.Kc3 Kd6
39.Rd2d3 Rd7c7
40.Kd2 b5
41.Ke3 g5
42.g3 h5
43.Ke4 Rc7c4
44.Kf5 g4
45.hxg4 hxg4
46.fxg4 e4
47.Rd3e3 Kxd5
48.g5 { abandon }1-0

[Event "Tournoi échelle division 2"]
[Site "www.echecsemail.com"]
[Date "2026.01.29"]
[Round "1"]
[White "Jlouism"]
[Black "Patau"]
[WhiteElo "1560"]
[BlackElo "1700"]
[Result "0-1"]
1.e4 e5
2.Nb1c3 Ng8f6
3.Bf1c4 Nf6xe4
4.Nc3xe4 d5
5.Bc4b3 dxe4
6.Qd1h5 Qd8f6
7.Ng1e2 Bc8e6
8.Bb3a4 c6
9.Ne2c3 Be6f5
10.d3 exd3
11.O-O dxc2
12.Bc1g5 Qf6g6
13.Qh5h4 f6
14.Bg5e3 Nb8d7
15.Ra1c1 Bf8c5
16.Be3xc5 Nd7xc5
17.Qh4b4 Bf5h3
18.g3 Nc5xa4
19.Qb4xa4 Bh3xf1
20.Kxf1 Qg6d3
21.Kg2 O-O
22.Rc1xc2 Rf8d8
23.h4 Kh8
24.Qa4b3 b6
25.Nc3e2 Qd3xb3
26.axb3 Rd8d3
27.Rc2xc6 Rd3xb3
28.Rc6c2 Ra8d8
29.h5 Rb3d3
30.Ne2c3 Rd3d2
31.Rc2xd2 Rd8xd2
32.Nc3e4 Rd2xb2
33.g4 Rb2b4
34.f3 Rb4xe4
35.fxe4 a5
36.Kf1 a4
37.Ke2 a3
38.Kd2 a2
{ abandon }0-1

[Event "Défi( 10J+24H/c 10J Max )"]
[Site "www.echecsemail.com"]
[Date "2026.01.29"]
[Round "1"]
[White "Hberlioz"]
[Black "Janolapin"]
[WhiteElo "1670"]
[BlackElo "1700"]
[Result "0-1"]
1.e4 d6
2.d4 e6
3.Nb1c3 Ng8e7
4.Ng1f3 Ne7g6
5.Bf1d3 Bf8e7
6.Bc1e3 b6
7.Qd1d2 Bc8b7
8.O-O-O O-O
9.h4 h6
10.Rd1g1 c5
11.d5 exd5
12.exd5 Nb8d7
13.g4 Nd7e5
14.Nf3xe5 Ng6xe5
15.Be3xh6 gxh6
16.Qd2xh6 Ne5xd3
17.cxd3 Be7f6
18.g5 Bf6g7
19.Qh6h5 f5
20.Qh5f3 Qd8d7
21.h5 Ra8e8
22.h6 Bg7xc3
23.bxc3 Qd7f7
24.c4 Qf7g6
25.h7 Kg7
26.Qf3f4 Kh8
27.Rh1h6 Qg6g7
28.Qf4xd6 Qg7a1
29.Kc2 Re8e2
{ abandon }0-1

[Event "Transval 2"]
[Site "www.echecsemail.com"]
[Date "2026.01.29"]
[Round "1"]
[White "Woluwe1975"]
[Black "Janolapin"]
[WhiteElo "1630"]
[BlackElo "1690"]
[Result "1-0"]
1.e4 e5
2.Ng1f3 d6
3.Bf1c4 h6
4.Nb1c3 Ng8f6
5.d3 Bf8e7
6.h3 Nb8c6
7.a3 O-O
8.Nc3d5 Rf8e8
9.b4 a6
10.O-O Nf6xd5
11.Bc4xd5 Nc6a7
12.a4 c6
13.Bd5b3 b5
14.a5 Bc8b7
15.Rf1e1 Qd8c7
16.Bc1d2 Ra8d8
17.c4 Na7c8
18.Qd1c2 Be7f8
19.cxb5 cxb5
20.Qc2xc7 { abandon }1-0

[Event "Défi( 10J+24H/c 10J Max )"]
[Site "www.echecsemail.com"]
[Date "2026.01.29"]
[Round "1"]
[White "Poison"]
[Black "Minon"]
[WhiteElo "1070"]
[BlackElo "1930"]
[Result "0-1"]
1.e4 e5
2.Ng1f3 d6
3.d3 Bc8g4
4.Bf1e2 Bf8e7
5.Nb1c3 Nb8c6
6.Bc1e3 Qd8d7
7.d4 O-O-O
8.Be2b5 a6
9.Bb5xc6 bxc6
10.dxe5 d5
11.exd5 cxd5
12.h3 Bg4xf3
13.Qd1xf3 Qd7e6
14.O-O-O c6
15.Qf3e2 Qe6xe5
16.a3 Kb7
17.Rd1d3 Ng8f6
18.Nc3a4 d4
19.Rh1e1 Rd8d5
20.c3 dxc3
21.bxc3 Be7xa3
22.Kd1 Rh8d8
23.Kc2 Rd5xd3
24.Re1b1 Kc7
25.Na4b6 Qe5xc3
0-1

[Event "Schlacht2"]
[Site "www.echecsemail.com"]
[Date "2026.01.29"]
[Round "1"]
[White "Titit1"]
[Black "Luc20"]
[WhiteElo "1460"]
[BlackElo "1840"]
[Result "0-1"]
1.d4 d5
2.Ng1f3 Ng8f6
3.Bc1f4 b6
4.c3 Bc8b7
5.Nb1d2 Nb8d7
6.Qd1a4 Nf6h5
7.Bf4e3 e6
8.Nf3e5 Nh5f6
9.O-O-O Bf8e7
10.h3 O-O
11.c4 Nd7xe5
12.dxe5 Nf6d7
13.cxd5 Bb7xd5
14.f3 Nd7c5
15.Qa4c2 Ra8c8
16.f4 f5
17.Nd2f3 Qd8e8
18.Be3d2 Nc5e4
19.Bd2e1 Be7c5
20.g4 Bc5f2
21.Bf1g2 Bf2e3
22.Be1d2 Be3xd2
23.Nf3xd2 Ne4f2
24.Rh1f1 Nf2xd1
25.Qc2xd1 Bd5xg2
26.Rf1f2 Bg2xh3
27.gxf5 Bh3xf5
28.e3 Qe8c6
29.Qd1c2 Qc6xc2
0-1

[Event "Transval 2"]
[Site "www.echecsemail.com"]
[Date "2026.01.29"]
[Round "1"]
[White "Turbo"]
[Black "Titit1"]
[WhiteElo "1280"]
[BlackElo "1450"]
[Result "0-1"]
1.e4 Ng8f6
2.Nb1c3 d5
3.exd5 Nf6xd5
4.Ng1e2 Nd5b6
5.Ne2g3 Nb8c6
6.Bf1d3 Bc8e6
7.O-O Qd8d7
8.b3 O-O-O
9.a4 Nc6e5
10.Bd3b5 c6
11.Bb5e2 Qd7c7
12.f4 Ne5d7
13.d4 a6
14.f5 Be6d5
15.Nc3xd5 Nb6xd5
16.Ng3e4 e6
17.c4 Nd5b4
18.Bc1a3 a5
19.Ba3xb4 axb4
20.fxe6 fxe6
21.Qd1d2 c5
22.dxc5 Nd7xc5
23.Qd2e3 Nc5xe4
24.Qe3xe4 Bf8c5
25.Kh1 g6
26.Qe4xe6 Kb8
27.a5 Rh8e8
28.Qe6g4 Ka7
29.Be2f3 Rd8d2
30.Ra1a4 Qc7d8
31.Qg4g5 Qd8xg5
32.Ra4a1 Re8e3
33.Ra1e1 Re3xe1
34.Rf1xe1 Rd2b2
35.h3 Rb2xb3
36.Re1f1 Bc5d6
37.g4 Qg5d2
38.Bf3g2 Rb3g3
39.Rf1g1 b3
40.Rg1f1 Qd2xg2
0-1

[Event "Coupe Niveau 4"]
[Site "www.echecsemail.com"]
[Date "2026.01.29"]
[Round "1"]
[White "Abc47"]
[Black "Elghribi"]
[WhiteElo "2160"]
[BlackElo "1920"]
[Result "1-0"]
1.e4 d6
2.d4 Ng8f6
3.Nb1c3 g6
4.Bf1d3 Bf8g7
5.Ng1f3 O-O
6.h3 Nb8c6
7.Bc1e3 h6
8.Qd1d2 Kh7
9.g4 e5
10.d5 Nc6e7
11.g5 hxg5
12.Nf3xg5 Kg8
13.O-O-O Nf6h7
14.h4 f6
15.Ng5xh7 Kxh7
16.Rd1g1 f5
17.Be3g5 f4
18.h5 Kg8
19.f3 Qd8e8
20.Bg5xe7 Qe8xe7
21.Rg1xg6 Rf8f6
22.Qd2g2 Bc8d7
23.h6 { abandon }1-0

[Event "Défi( 10J+24H/c 10J Max )"]
[Site "www.echecsemail.com"]
[Date "2026.01.29"]
[Round "1"]
[White "Titit1"]
[Black "Luc20"]
[WhiteElo "1460"]
[BlackElo "1820"]
[Result "0-1"]
1.d4 d5
2.Ng1f3 c5
3.Bc1f4 Nb8c6
4.Nb1c3 Ng8f6
5.Nc3b5 Qd8a5
6.c3 Qa5xb5
7.Qd1c2 g6
8.e3 c4
9.h3 Bc8f5
10.Qc2d2 h6
11.Bf1e2 Nf6e4
12.Qd2c1 g5
13.Bf4h2 f6
14.O-O Rh8g8
15.Nf3d2 Kd7
16.f3 Ne4xd2
17.Qc1xd2 e6
18.g4 Bf5h7
19.b3 Bf8d6
20.Bh2xd6 Kxd6
21.Rf1b1 Bh7xb1
22.Ra1xb1 Qb5a5
23.b4 Qa5c7
24.b5 Nc6e7
25.e4 Ra8f8
26.a4 b6
27.f4 gxf4
28.Qd2xf4 Kd7
29.Qf4e3 f5
30.e5 Qc7d8
31.Kg2 Rg8g6
32.h4 fxg4
33.h5 Ne7f5
34.Qe3d2 Rg6g5
35.Rb1h1 Rf8f7
36.Qd2a2 Nf5g7
37.Qa2a3 Ng7xh5
38.Qa3d6 Kc8
39.Qd6c6 Kb8
40.a5 Nh5f4
41.Kg3 Nf4xe2
42.Kg2 Ne2f4
43.Kg3 h5
44.axb6 axb6
45.Rh1a1 Rf7a7
46.Ra1a6 Ra7b7
47.Kxf4 Rg5f5
48.Kg3 Qd8d7
49.Qc6xd7 Rb7xd7
50.Ra6xb6 Kc8
51.Rb6xe6 Rf5f3
52.Kh4 Rf3h3
53.Kg5 g3
54.Kf4 h4
55.Kf3 Rh3h2
56.Re6c6 Kb7
57.e6 Rd7e7
58.Rc6d6 Rh2f2
59.Kg4 Rf2f6
60.Rd6d7 Kb6
61.Rd7xe7 g2
62.Kh3 g1Q
63.Kxh4 Rf6h6
0-1

[Event "Défi( 10J+24H/c 10J Max )"]
[Site "www.echecsemail.com"]
[Date "2026.01.29"]
[Round "1"]
[White "Pascalou50"]
[Black "Titit1"]
[WhiteElo "1790"]
[BlackElo "1460"]
[Result "1-0"]
1.e4 Ng8f6
2.e5 Nf6d5
3.d4 Nb8c6
4.Ng1f3 f6
5.exf6 Nd5xf6
6.Bf1d3 d5
7.Bc1g5 h6
8.Bg5xf6 gxf6
9.Bd3g6 Kd7
10.Nb1c3 Rh8g8
11.Bg6f5 e6
12.Bf5h3 f5
13.Nf3e5 Ke7
14.Ne5xc6 bxc6
15.Qd1e2 Bf8g7
16.O-O-O Bc8d7
17.Bh3xf5 Qd8c8
18.g3 Rg8f8
19.Bf5g4 Qc8b7
20.f4 a6
21.Nc3a4 Qb7b4
22.Na4c5 Rf8b8
23.c3 Qb4a5
24.Nc5xd7 Kxd7
25.Qe2xe6 Kd8
26.Qe6g8 Ke7
27.Qg8xg7 Kd6
28.Qg7f6 1-0

[Event "Tournoi n27373"]
[Site "www.echecsemail.com"]
[Date "2026.01.29"]
[Round "1"]
[White "Ephixe"]
[Black "Gonzok67"]
[WhiteElo "1800"]
[BlackElo "1890"]
[Result "0-1"]
1.d4 Ng8f6
2.c4 e5
3.Bc1g5 exd4
4.Qd1xd4 Bf8e7
5.e3 Nb8c6
6.Qd4d1 O-O
7.Bf1d3 d6
8.Ng1f3 Bc8g4
9.h3 Bg4xf3
10.Qd1xf3 Nc6e5
11.Qf3d1 Ne5xd3
12.Qd1xd3 h6
13.Bg5h4 c6
14.Nb1d2 Qd8b6
15.b3 Rf8d8
16.Qd3c2 Rd8d7
17.O-O Qb6c7
18.Nd2f3 Ra8e8
19.Ra1d1 a6
20.Bh4g3 Be7f8
21.c5 Re8e6
22.Nf3d4 Re6e4
23.b4 Re4e8
24.Nd4f5 Nf6e4
25.Bg3h2 Re8e6
26.Rd1d4 Ne4f6
27.Rf1d1 Nf6e8
28.Rd1d3 h5
29.Qc2d1 g6
30.Nf5xd6 Ne8xd6
31.Bh2xd6 Bf8xd6
32.Rd4xd6 Re6xd6
33.Rd3xd6 Rd7xd6
34.cxd6 Qc7d7
35.e4 f6
36.f4 Kf7
37.Kf2 Ke6
38.g4 Qd7xd6
39.Qd1xd6 Kxd6
40.Kf3 c5
41.bxc5 Kxc5
42.g5 fxg5
43.fxg5 Kd4
44.h4 b5
45.Kf4 b4
{ abandon }0-1

[Event "Défi( 10J+24H/c 10J Max )"]
[Site "www.echecsemail.com"]
[Date "2026.01.29"]
[Round "1"]
[White "Marlu"]
[Black "Rocinante"]
[WhiteElo "1630"]
[BlackElo "1570"]
[Result "0-1"]
1.d4 d5
2.c4 Ng8f6
3.cxd5 Qd8xd5
4.Nb1c3 Qd5d8
5.Ng1f3 e6
6.e3 Nb8c6
7.a3 a6
8.Bf1e2 Bf8d6
9.O-O O-O
10.Be2d3 Nc6e7
11.Qd1c2 Bc8d7
12.Nf3g5 g6
13.h4 e5
14.Ng5e4 Ne7f5
15.Ne4xf6 Qd8xf6
16.h5 Nf5h4
17.dxe5 Bd6xe5
18.hxg6 fxg6
19.Nc3d5 Qf6d6
20.e4 Ra8c8
21.Bc1g5 Nh4xg2
22.Kxg2 Qd6e6
23.Nd5e7 Kh8
24.Ne7xc8 Qe6h3
{ abandon }0-1

[Event "Défi"]
[Site "www.echecsemail.com"]
[Date "2026.01.29"]
[Round "1"]
[White "Tartu"]
[Black "Bilitis"]
[WhiteElo "1740"]
[BlackElo "1760"]
[Result "1/2-1/2"]
1.d4 d5
2.c4 c6
3.Ng1f3 Ng8f6
4.Nb1c3 Bc8g4
5.e3 Nb8d7
6.Bf1e2 Qd8c7
7.h3 Bg4h5
8.O-O e5
9.cxd5 cxd5
10.Bc1d2 e4
11.Nf3h2 Bh5xe2
12.Qd1xe2 a6
13.Nh2g4 Bf8e7
14.a3 O-O
15.Ra1c1 Qc7d6
16.b4 b5
17.a4 Qd6xb4
18.Ng4xf6 Nd7xf6
19.Nc3xd5 Qb4d6
20.Nd5xf6 Be7xf6
21.axb5 axb5
22.Qe2xb5 Rf8b8
23.Qb5c6 Qd6e7
24.Qc6c7 Qe7e8
25.Rc1b1 Rb8c8
26.Qc7f4 h6
27.Rf1c1 Bf6g5
28.Qf4d6 Rc8d8
29.Qd6c6 Qe8e7
30.Bd2b4 Qe7e6
31.Qc6xe6 fxe6
32.Bb4c5 Rd8c8
33.g3 Bg5d8
34.Kg2 Ra8a2
35.h4 Kf7
36.h5 Kf6
37.Bc5d6 Rc8xc1
38.Rb1xc1 Bd8a5
39.Bd6e5 Kf7
40.g4 Ba5d2
41.Rc1c7 Ke8
42.Rc7xg7 Bd2xe3
43.Rg7g6 Ra2xf2
44.Kg3 Rf2f3
45.Kg2 Rf3f2
46.Kg3 Rf2f3
47.Kg2 Rf3f2
48.Kh3 Rf2f3
49.Kg2 Rf3f2
50.Kh3 1/2-1/2

[Event "Tournoi n27412"]
[Site "www.echecsemail.com"]
[Date "2026.01.29"]
[Round "1"]
[White "Wenoketo"]
[Black "Patau"]
[WhiteElo "1710"]
[BlackElo "1730"]
[Result "1-0"]
1.d4 d5
2.Ng1f3 Ng8f6
3.Bc1f4 e6
4.h3 c5
5.dxc5 Bf8xc5
6.e3 Nb8c6
7.Bf1e2 Bc5d6
8.Bf4xd6 Qd8xd6
9.O-O O-O
10.Nb1d2 e5
11.a3 Bc8f5
12.Nd2b3 Rf8d8
13.Nb3d2 Nf6e4
14.Nd2xe4 dxe4
15.Qd1xd6 Rd8xd6
16.Be2b5 exf3
17.gxf3 Rd6h6
18.Bb5xc6 bxc6
19.Rf1d1 Rh6xh3
20.e4 Bf5e6
21.Rd1d6 Rh3xf3
22.Rd6xc6 Ra8c8
23.Rc6xc8 Be6xc8
24.Ra1d1 Kf8
25.Rd1d8 Ke7
26.Rd8xc8 Rf3f6
27.Rc8c7 Kd8
28.Rc7xa7 Rf6c6
29.c3 Ke8
30.Ra7b7 Rc6d6
31.Kg2 Rd6d7
32.Rb7b5 f6
33.a4 Kf7
34.a5 Rd7a7
35.c4 Ra7a6
36.c5 Ra6c6
37.b4 { abandon }1-0

[Event "Transval 2"]
[Site "www.echecsemail.com"]
[Date "2026.01.29"]
[Round "1"]
[White "Patau"]
[Black "Titit1"]
[WhiteElo "1690"]
[BlackElo "1450"]
[Result "1-0"]
1.Ng1f3 Ng8f6
2.Nb1c3 Nb8c6
3.e4 e5
4.d4 Bf8d6
5.Bf1c4 O-O
6.O-O a6
7.Bc1g5 b5
8.Bc4d5 Nf6xd5
9.Bg5xd8 Nc6xd8
10.Nc3xd5 Bc8b7
11.dxe5 Bd6c5
12.Nd5xc7 Ra8c8
13.Qd1xd7 Nd8e6
14.Nc7xe6 Rf8e8
15.Ne6xc5 Bb7c6
16.Qd7g4 Rc8a8
17.Ra1d1 h6
18.Rd1d6 Re8c8
19.Rd6xh6 Bc6e8
20.b4 Rc8d8
21.Rh6d6 Rd8xd6
22.exd6 a5
23.a3 axb4
24.axb4 Be8c6
25.Rf1d1 Ra8a2
26.Qg4c8 Kh7
27.Qc8xc6 Ra2xc2
28.e5 Rc2b2
29.Qc6xb5 g6
30.d7 Rb2a2
31.Qb5c4 Kh6
32.Qc4xa2 Kh5
33.Qa2xf7 Kh6
34.Qf7f8 Kh5
35.Qf8h8 Kg4
36.Rd1d4 Kf5
37.Qh8f6 1-0

[Event "Tournoi n27414"]
[Site "www.echecsemail.com"]
[Date "2026.01.29"]
[Round "1"]
[White "Fouvolant"]
[Black "Jlr"]
[WhiteElo "1410"]
[BlackElo "1420"]
[Result "0-1"]
1.e4 e5
2.Ng1f3 d6
3.d4 Bc8g4
4.dxe5 Bg4xf3
5.Qd1xf3 dxe5
6.Bf1c4 Bf8b4
7.c3 Ng8f6
8.cxb4 Nb8c6
9.O-O Nc6d4
10.Qf3d3 O-O
11.Nb1c3 Qd8e7
12.f4 Qe7xb4
13.fxe5 Nd4e2
14.Nc3xe2 Qb4c5
15.Bc1e3 Qc5xe5
16.Ne2c3 Ra8d8
17.Qd3c2 Nf6g4
18.Be3f4 Qe5c5
19.Kh1 Qc5xc4
20.h3 Ng4f6
21.Bf4g5 h6
22.Bg5xf6 gxf6
23.Rf1xf6 Kg7
24.Ra1f1 Rd8d6
25.e5 Rd6xf6
26.Rf1xf6 Qc4h4
{ abandon }0-1